| 000 | 00410nam a22001337a 4500 | ||
|---|---|---|---|
| 020 | _qHB. | ||
| 040 | _cFIZZA ISHAQ | ||
| 082 |
_a624.15 _bBAU |
||
| 100 |
_a Frank , Roger. _9133621 |
||
| 245 |
_aDesigners' Guide to EN 1997-1 Eurocode 7: Geotechnical Design General Rules / _cRoger Frank. |
||
| 260 |
_aLondon: _b Thomas Telford Ltd, _c2005. |
||
| 300 |
_a216 P.; _c8.27 x 0.63 x 11.69 inches |
||
| 942 |
_2ddc _cBK |
||
| 999 |
_c616581 _d616581 |
||